000 00927nam a2200229 i 4500
001 47084
003 ES-MaACL
005 20230906161511.0
007 t|
008 030403s1875 sp ||||1| spa d
100 1 _aContreras, Rafael.
_940313
245 1 0 _aDel arte árabe en España manifestado en Granada, Sevilla y Córdoba por los tres monumentos principales :
_bla Alhambra, el Alcázar y la Gran Mezquita /
_capuntes arqueológicos por Rafael Contreras.
260 _aGranada :
_bIndalecio Ventura,
_c1875.
300 _a312 p. :
_bil. ;
_c22 cm.
530 _aDisponible en formato digital.
610 2 4 _aAlhambra (Granada)
_9145495
610 2 4 _aAlcázar de Sevilla.
_91324
610 2 4 _aMezquita-catedral de Córdoba.
_9146676
650 4 _aArquitectura musulmana-
_zEspaña.
_910037
852 4 _aES-MaACL
_jB-1395
856 4 _uhttp://bdh-rd.bne.es/viewer.vm?id=0000238145&page=1
_zBiblioteca Digital Hispánica
999 _c47084
_d47084